000 00844nam a2200265Ia 4500
003 OSt
005 20220927104013.0
006 a|||||r|||| 00| 0
007 ta
008 220926b |||||||| |||| 00| 0 eng d
024 _a75869
037 _cReference Collections
040 _aRTL
_cRTL
_beng
041 _2eng
_aeng
082 _a"XM8n1,N7, L7;M3/UN"
110 _a"UNITED NATIONS, CENTRE ON TRANSNATIONAL CORPORATIONS"
_9353644
245 0 _aTransantional corporations
_b List of comapny directories and summary of their contents
250 _a2
260 _aNew
_bYork UN
_c1983
300 _a160p
_ccm.
650 _aMultinational
_9362465
700 _a"UNITED NATIONS, CENTRE ON TRANSNATIONAL CORPORATIONS"
_9353646
942 _h"XM8n1,N7, L7;M3/UN"
_cCC
999 _c685278
_d685278